000 00607nam a2200121Ia 4500
008 220615s9999||||xx |||||||||||||| ||und||
245 0 _aSocial Movements in China and Hong Kong
_bThe Expansion of Protest Space
546 _aEnglish[eng]
650 _aculture and instituten||sociologie||culture and institutions||sociology
700 _aGuiheux, Gilles||Kuah-Pearce, Khun Eng
856 _uhttps://library.oapen.org/bitstream/20.500.12657/35311/1/340015.pdf||https://library.oapen.org/bitstream/20.500.12657/35311/1/340015.pdf||https://library.oapen.org/bitstream/20.500.12657/35311/1/340015.pdf
942 _cEB
999 _c8724
_d8724